Compendio histórico de la religión desde la creación del mundo hasta el estado presente de la iglesia.

Detalles Bibliográficos
Autor principal: PINTON, Josef
Formato: Libro
Publicado: Madrid 1777
Edición:11a. ed.
Materias:
Colección:Banco de datos
Acervo:Biblioteca del Convento de Santa Mónica de la Ciudad de Puebla. Puebla
Descripción Física:t. I
Tema general:Historia Eclesiástica
Notas:Buena. No. de Reg. 188159. C3, 45.
LEADER 00743nam a22002170004500
035 |a 52210 
036 |a 1978 
100 1 |a PINTON, Josef 
245 1 0 |a Compendio histórico de la religión desde la creación del mundo hasta el estado presente de la iglesia. 
250 |a 11a. ed. 
260 |a Madrid  |b imp. Joaquín Ibarra  |c 1777 
300 |a t. I 
500 |a Buena. No. de Reg. 188159. C3, 45. 
650 1 0 |a Historia Eclesiástica 
949 |a CRP-SM 
959 |a Ex convento de Santa Mónica. Puebla, Puebla  |b CCC5 
960 |a Convento de Santa Mónica de la ciudad de Puebla  |b DD88 
961 |a Franciscana  |b OF 
942 |c CRP-SM 
943 |g Biblioteca del Convento de Santa Mónica de la Ciudad de Puebla. Puebla 
999 |c 962548  |d 962548